Billionaires : reflections on the upper crust /

Bibliographic Details
Main Author: West, Darrell M., 1954- (Author)
Format: eBook
Language:English
Published: Washington, District of Columbia : Brookings Institution Press, 2014.
Subjects:
Online Access:Click to View
LEADER 01853nam a2200469 i 4500
001 EBC1781844
003 MiAaPQ
005 20200520144314.0
006 m o d |
007 cr cnu||||||||
008 140919t20142014dcua o 001 0 eng d
020 |z 9780815725824 
020 |z 9780815725961 
020 |a 9780815725817  |q (electronic bk.) 
035 |a (MiAaPQ)EBC1781844 
035 |a (Au-PeEL)EBL1781844 
035 |a (CaPaEBR)ebr10929310 
035 |a (CaONFJC)MIL642680 
035 |a (OCoLC)900008174 
040 |a MiAaPQ  |b eng  |e rda  |e pn  |c MiAaPQ  |d MiAaPQ 
050 4 |a HC79.W4  |b .W465 2014 
082 0 |a 305.5/234  |2 23 
100 1 |a West, Darrell M.,  |d 1954-  |e author. 
245 1 0 |a Billionaires :  |b reflections on the upper crust /  |c Darrell M. West. 
264 1 |a Washington, District of Columbia :  |b Brookings Institution Press,  |c 2014. 
264 4 |c 2014 
300 |a 1 online resource (284 pages) :  |b illustrations, graphs 
336 |a text  |2 rdacontent 
337 |a computer  |2 rdamedia 
338 |a online resource  |2 rdacarrier 
500 |a Includes index. 
588 |a Description based on print version record. 
590 |a Electronic reproduction. Ann Arbor, MI : ProQuest, 2015. Available via World Wide Web. Access may be limited to ProQuest affiliated libraries. 
650 0 |a Wealth. 
650 0 |a Wealth  |x Political aspects. 
650 0 |a Rich people  |x Political activity. 
650 0 |a Billionaires. 
650 0 |a Equality. 
655 4 |a Electronic books. 
776 0 8 |i Print version:  |a West, Darrell M., 1954-  |t Billionaires : reflections on the upper crust.  |d Washington, District of Columbia : Brookings Institution Press, c2014   |h viii, 269 pages   |z 9780815725824   |w 2014000450 
797 2 |a ProQuest (Firm) 
856 4 0 |u https://ebookcentral.proquest.com/lib/matrademy/detail.action?docID=1781844  |z Click to View